| 000 | 01524cam a2200145 4500500 | ||
|---|---|---|---|
| 005 | 20260405085536.0 | ||
| 041 | _afre | ||
| 042 | _adc | ||
| 100 | 1 | 0 |
_aCattaruzza, Amaël _eauthor |
| 700 | 1 | 0 |
_aLimonier, Kévin _eauthor |
| 245 | 0 | 0 | _aIntroduction à la géopolitique |
| 260 |
_bArmand Colin,
_c2023. |
||
| 520 | _aSi la géopolitique est devenue un terme à la mode et constitue aujourd'hui une grille de lecture du monde indispensable, elle désigne avant tout un savoir géographique : l'étude de l'espace politique et de ses enjeux. Elle repose ainsi sur des méthodes et des notions précises (acteurs, territoires, rivalités de pouvoir) qui permettent d'éclairer les grandes thématiques contemporaines (frontières, identités, guerres, environnement, cyberespace). Cet ouvrage propose l'ensemble des connaissances nécessaires pour s'initier au raisonnement géopolitique. Il s'organise en trois temps forts : - INTRODUCTION : questions essentielles, objectifs de connaissances par chapitre, grille d'analyse géopolitique, lectures indispensables et notions clés à maîtriser. - COURS : savoirs fondamentaux assortis d'exemples localisés, de définitions et de focus thématiques, d'une page d'entraînement et d'une étude de cas mobilisant des documents géographiques. - METHODES : méthodologie détaillée de chaque type d'exercice, avec son application commentée. | ||
| 856 | 4 | 1 | _uhttps://shs.cairn.info/introduction-a-la-geopolitique--9782200636296?lang=fr&redirect-ssocas=7080 |
| 999 |
_c2198377 _d2198377 |
||